| 000 | 01636nam0a2200385 4500 | ||
|---|---|---|---|
| 001 | RU\NLR\BIBL_A\012194727 | ||
| 005 | 20200310161954.0 | ||
| 010 | _a978-5-00101-251-1 | ||
| 021 |
_aRU _bКН-П-19-097589 _9КН-П-19-7169 |
||
| 035 | _a(NLR Aleph) 012194727 | ||
| 035 | _a(RuMoRGB)010203740 | ||
| 090 |
_a10813570 _c10813570 |
||
| 100 | _a20200131d2020 u y0rusy50 ca | ||
| 101 | 0 | _arus | |
| 102 | _aRU | ||
| 105 | _aa|||z|||000zy | ||
| 181 | 0 |
_ai _baxxe |
|
| 182 | 0 | _an | |
| 200 | 1 |
_aКонструируем роботов на LEGO® Education WeDo 2.0. _iМифические существа _e[для детей среднего школьного возраста] _fО. А. Лифанова |
|
| 203 |
_aТекст _bвизуальный _cнепосредственный |
||
| 210 |
_aМосква _cЛаборатория знаний _d2020 [т.е. 2019] |
||
| 215 |
_a83, [12] с. _cцв. ил. _d27 |
||
| 225 | 1 | _aРобофишки | |
| 300 | _aНа обл. авт. не указан | ||
| 300 | _aКн. фактически изд. в 2019 г. | ||
| 606 | 1 |
_aLego Education WeDo 2.0, робототехнический конструктор _jИздания для детей _92382576 _3RU\NLR\AUTH\6601642299 |
|
| 606 | 1 |
_aLego-конструирование _jИздания для детей _92620681 _3RU\NLR\AUTH\661557241 |
|
| 686 | 0 | _aШ991 | |
| 700 | 1 |
_aЛифанова _bО. А. _gОльга Александровна |
|
| 942 | _cBOOK | ||
| 980 | _aNBR | ||
| 980 | _aNB | ||